[Event "Ä13Â"]
[Site "Loo"]
[Date "2017.04.22"]
[Round "3.15"]
[White "×åðåïàíîâà, Ýâèòà."]
[Black "Äèâååâà, Äàðüÿ."]
[Result "1-0"]
[WhiteElo "1612"]
[BlackElo "1451"]
[PlyCount "79"]
[EventDate "2017.04.20"]

1. e4 c6 2. d4 d5 3. Nc3 dxe4 4. Nxe4 Bf5 5. Ng3 Bg6 6. Nf3 h6 7. Ne5 Bh7 8.
Qh5 g6 9. Qf3 Nf6 10. Qb3 Qb6 11. Qxf7+ Kd8 12. c3 Rg8 13. Be2 Nbd7 14. O-O Qc7
15. Rd1 Rg7 16. Qb3 Bg8 17. Qc2 g5 18. c4 Kc8 19. Nxd7 Qxd7 20. Be3 Kc7 21.
Rac1 Rc8 22. Qa4 Kb8 23. d5 b6 24. dxc6 Qxc6 25. Qxc6 Rxc6 26. Rd8+ Rc8 27.
Rxc8+ Kxc8 28. c5 Kb8 29. cxb6 axb6 30. Bxb6 Bxa2 31. Nf5 Rg8 32. Bc7+ Kb7 33.
Be5 e6 34. Nxh6 Bxh6 35. Bxf6 Rf8 36. Be5 Kb6 37. Bd4+ Kb7 38. b3 Rd8 39. Be3
Rc8 40. Ba6+ 1-0

[Event "Ä13Â"]
[Site "Loo"]
[Date "2017.04.22"]
[Round "3.16"]
[White "Ñîñíèíà, Íàäåæäà."]
[Black "Êîñòèíà, Àëåêñàíäðà."]
[Result "1-0"]
[WhiteElo "1610"]
[BlackElo "1442"]
[PlyCount "31"]
[EventDate "2017.04.20"]

1. e4 e5 2. Nf3 Nc6 3. Bb5 a6 4. Ba4 Nf6 5. Qe2 b5 6. Bb3 Be7 7. a4 b4 8. d4 d6
9. Qc4 Kd7 10. a5 Na7 11. dxe5 Ng4 12. e6+ fxe6 13. Qxe6+ Kc6 14. Qd5+ Kd7 15.
Qxa8 Nc6 16. Ba4 1-0

[Event "Ä13Â"]
[Site "Loo"]
[Date "2017.04.22"]
[Round "3.17"]
[White "Ôðîëîâà, Ëàäà."]
[Black "Åðøîâà, Ìàðãàðèòà."]
[Result "1-0"]
[WhiteElo "1475"]
[BlackElo "1593"]
[PlyCount "45"]
[EventDate "2017.04.20"]

1. e4 d5 2. exd5 Qxd5 3. Nc3 Qd6 4. Nf3 Nf6 5. d4 c6 6. Be3 Bg4 7. h3 Bh5 8. g4
Bg6 9. Ne5 Nd5 10. Qf3 Nxc3 11. bxc3 Nd7 12. Nxg6 hxg6 13. Rb1 Nb6 14. c4 Qd7
15. c5 Nd5 16. Bd2 e6 17. Bg2 Ne7 18. O-O Nd5 19. c4 Ne7 20. Rb2 Qxd4 21. Rxb7
Qxd2 22. Rd1 Qa5 23. Qxc6+ 1-0

[Event "Ä13Â"]
[Site "Loo"]
[Date "2017.04.22"]
[Round "3.18"]
[White "Ïàëü÷óí, Ïîëèíà."]
[Black "Áîðîäêèíà, Ñîôèÿ."]
[Result "1-0"]
[WhiteElo "1444"]
[BlackElo "1576"]
[PlyCount "87"]
[EventDate "2017.04.20"]

1. d4 c5 2. d5 e5 3. e4 d6 4. Nc3 Be7 5. Nf3 Nf6 6. Be2 O-O 7. Nd2 Ne8 8. O-O
g6 9. Nc4 f5 10. exf5 gxf5 11. Bh6 Ng7 12. Qd3 Kh8 13. Bxg7+ Kxg7 14. Kh1 Kh8
15. f3 Rg8 16. Ne3 Rg5 17. Qc4 a6 18. a4 b6 19. f4 exf4 20. Qxf4 Bf6 21. Nc4
Be7 22. Rf2 Qc7 23. Raf1 Bd7 24. Ra1 Rg6 25. h3 Rf6 26. Bd3 Rg6 27. a5 bxa5 28.
Rxa5 Bg5 29. Qf3 Bh4 30. Rf1 Be7 31. Bxf5 Rf6 32. Qd3 Bxf5 33. Rxf5 Rg6 34. Qe3
Rg7 35. Ra1 Nd7 36. Raf1 Rag8 37. Rf7 Bg5 38. Qe6 Rg6 39. Qxd7 Qxd7 40. Rxd7
R6g7 41. Rxg7 Rxg7 42. Rf8+ Rg8 43. Rxg8+ Kxg8 44. Nxd6 1-0

[Event "Ä13Â"]
[Site "Loo"]
[Date "2017.04.22"]
[Round "3.19"]
[White "Ëîñåâà, Ìàðãàðèòà."]
[Black "Êðàìàðåíêî, Åëåíà."]
[Result "0-1"]
[WhiteElo "1439"]
[BlackElo "1527"]
[PlyCount "112"]
[EventDate "2017.04.20"]

1. e4 c5 2. Nf3 Nc6 3. d4 cxd4 4. Nxd4 Nf6 5. f3 d5 6. Nxc6 bxc6 7. exd5 cxd5
8. Bb5+ Bd7 9. Bxd7+ Qxd7 10. O-O g6 11. Be3 Bg7 12. Re1 O-O 13. Bd4 Rfe8 14.
Nc3 Qf5 15. Bxf6 Bxf6 16. Qd3 Qxd3 17. cxd3 e6 18. Rac1 Rec8 19. Na4 Rab8 20.
b3 Kg7 21. Kf1 Bd4 22. g3 Kf6 23. f4 Kf5 24. Kg2 h5 25. Kf3 g5 26. fxg5 Kxg5
27. h3 e5 28. g4 f5 29. gxf5 Kxf5 30. Kg2 Rxc1 31. Rxc1 Kf4 32. Nc5 Rg8+ 33.
Kh2 Ke3 34. Ne6 Kxd3 35. a4 Bc3 36. Rd1+ Bd2 37. Nc7 Kc2 38. Rf1 e4 39. Nxd5 e3
40. Nxe3+ Bxe3 41. Rf3 Re8 42. b4 Kb3 43. a5 Kxb4 44. a6 Kb5 45. Rf5+ Kxa6 46.
Rxh5 Kb6 47. Rh4 a5 48. Ra4 Kb5 49. Ra2 Kb4 50. Kg3 a4 51. h4 Kb3 52. Ra1 a3
53. h5 a2 54. Rh1 Kb2 55. Rh2+ Kb1 56. Rxa2 Kxa2 0-1

[Event "Ä13Â"]
[Site "Loo"]
[Date "2017.04.22"]
[Round "3.20"]
[White "Äîðîõèíà, Åëèçàâåòà."]
[Black "Êàðïîâà, Ëàðèñà."]
[Result "0-1"]
[WhiteElo "1452"]
[BlackElo "1608"]
[PlyCount "128"]
[EventDate "2017.04.20"]

1. e4 c5 2. Nf3 e6 3. d4 cxd4 4. Nxd4 a6 5. Nc3 Qc7 6. Bd3 Nc6 7. Nb3 Be7 8.
O-O Nf6 9. Qe2 d6 10. h3 h6 11. Bf4 e5 12. Be3 O-O 13. a3 Be6 14. Rfd1 Rac8 15.
Bc4 Bxc4 16. Qxc4 b5 17. Qe2 Rfd8 18. Qf3 Kh8 19. Qf5 Qd7 20. Qxd7 Rxd7 21. Nd5
Nxd5 22. Rxd5 Nb8 23. c3 Rdd8 24. Rad1 Nd7 25. f3 Nf6 26. R5d2 g5 27. Kh2 Kh7
28. Na5 Rg8 29. g4 Kg6 30. Kg2 Rh8 31. Rh1 h5 32. Rdd1 hxg4 33. hxg4 Rxh1 34.
Kxh1 Bd8 35. Nb3 Bc7 36. Kg2 a5 37. Kg3 a4 38. Na1 Rd8 39. Nc2 d5 40. exd5 Nxd5
41. Kf2 Nf4 42. Rxd8 Bxd8 43. Bxf4 gxf4 44. Nb4 Bb6+ 45. Ke2 Be3 46. Nc6 f6 47.
Nb4 f5 48. gxf5+ Kxf5 49. Nd5 Bc1 50. Nc7 Bxb2 51. Nxb5 Ke6 52. Kd1 Kd5 53. Kc2
Kc5 54. Kxb2 Kxb5 55. Kc2 Kc4 56. Kd2 Kb3 57. c4 Kxc4 58. Kc2 Kd4 59. Kd2 e4
60. fxe4 Kxe4 61. Kc3 Ke3 62. Kb4 f3 63. Kxa4 f2 64. Ka5 f1=Q 0-1

[Event "Ä13Â"]
[Site "Loo"]
[Date "2017.04.22"]
[Round "3.21"]
[White "Ñóðîâöåâà, Àëèñà."]
[Black "Êîìëåâà, Àííà."]
[Result "1-0"]
[WhiteElo "1601"]
[BlackElo "1472"]
[PlyCount "47"]
[EventDate "2017.04.20"]

1. e4 e5 2. Nf3 Nc6 3. Bb5 a6 4. Ba4 Nf6 5. O-O b5 6. Bb3 Bc5 7. c3 O-O 8. d4
Bd6 9. Re1 h6 10. a4 Bb7 11. Nbd2 Re8 12. Bc2 b4 13. Nc4 a5 14. d5 Nb8 15. Nh4
bxc3 16. bxc3 Nxd5 17. Nf5 Nxc3 18. Qg4 Qf6 19. Ncxd6 cxd6 20. Bd2 Bxe4 21.
Bxe4 Nxe4 22. Rxe4 Kh8 23. Re3 d5 24. Rg3 1-0

[Event "Ä13Â"]
[Site "Loo"]
[Date "2017.04.22"]
[Round "3.22"]
[White "Íèêóëèíà, Àíàñòàñèÿ."]
[Black "Êóäðÿâöåâà, Àíàñòàñèÿ."]
[Result "1-0"]
[WhiteElo "1562"]
[BlackElo "1413"]
[PlyCount "167"]
[EventDate "2017.04.20"]

1. e4 d6 2. d4 Nf6 3. Nc3 g6 4. Nf3 Bg7 5. Be2 O-O 6. O-O c6 7. a4 Nbd7 8. h3
e5 9. dxe5 dxe5 10. Be3 Re8 11. Bc4 Qe7 12. Ng5 Rf8 13. Qd2 Nc5 14. b4 Ncd7 15.
Rab1 b6 16. Rfd1 Bb7 17. b5 c5 18. Nd5 Bxd5 19. Bxd5 Nxd5 20. Qxd5 Nf6 21. Qc4
h6 22. Nf3 Rfd8 23. Bd2 Rd7 24. Bc3 Rad8 25. Rxd7 Nxd7 26. Rd1 Kh7 27. Qd5 f6
28. Qb7 Qe8 29. Qxa7 Nf8 30. Ra1 Rb8 31. Nd2 Nd7 32. Nc4 Qc8 33. Rd1 Rb7 34.
Nd6 Rxa7 35. Nxc8 Rc7 36. Ne7 Nf8 37. Nd5 Rb7 38. Ne3 Nd7 39. Nc4 Bf8 40. Bd2
Kg7 41. Kf1 h5 42. Ke2 Kf7 43. Ne3 Ke6 44. c4 Bh6 45. Nd5 Bxd2 46. Rxd2 Ra7 47.
Ra2 f5 48. exf5+ gxf5 49. f4 e4 50. Kf2 h4 51. Ke2 Ra5 52. Kd2 Ra7 53. Kc3 Ra5
54. Kb3 Ra7 55. Ra1 Rb7 56. a5 Ra7 57. a6 Kd6 58. Rd1 Ke6 59. Ne3 Ra8 60. Rd5
Nf6 61. Rxf5 Rd8 62. Re5+ Kf7 63. Nd5 Nxd5 64. cxd5 Kf6 65. Rxe4 Kf5 66. Ra4
Ra8 67. a7 Kf6 68. Kc4 Ke7 69. Kd3 Kd6 70. Ke4 Re8+ 71. Kf3 Ra8 72. Kg4 Kxd5
73. Ra1 c4 74. f5 c3 75. Kxh4 Ke5 76. g4 Rh8+ 77. Kg3 Ra8 78. Kf3 c2 79. Rc1
Rxa7 80. Rxc2 Ra3+ 81. Kg2 Rb3 82. Re2+ Kf6 83. Re6+ Kf7 84. Rxb6 1-0

[Event "Ä13Â"]
[Site "Loo"]
[Date "2017.04.22"]
[Round "3.23"]
[White "Âîñòðèêîâà, Ñòàíèñëàâà."]
[Black "Öàìàëàèäçå, Ëèàíà."]
[Result "1-0"]
[WhiteElo "1519"]
[BlackElo "1349"]
[PlyCount "129"]
[EventDate "2017.04.20"]

1. e4 c5 2. Nf3 g6 3. d4 Bg7 4. dxc5 Qa5+ 5. c3 Qxc5 6. Na3 Bxc3+ 7. bxc3 Qxc3+
8. Qd2 Qxa1 9. Nb5 Qg7 10. Nc7+ Kd8 11. Nxa8 b6 12. Bb2 f6 13. Ng5 d6 14. Bc4
Nh6 15. Be6 Bb7 16. Bd5 Bc8 17. Bb7 Bd7 18. Qc2 e5 19. Qc7+ Ke7 20. Nf3 Qg8 21.
Ba3 Nf7 22. Bd5 Qc8 23. Bxf7 Qxc7 24. Nxc7 Rc8 25. Nd5+ Kxf7 26. O-O Ke6 27.
Rd1 Ba4 28. Rc1 Nc6 29. Nc3 b5 30. Nxa4 bxa4 31. h3 h5 32. Rc4 d5 33. exd5+
Kxd5 34. Rxa4 Rb8 35. Nd2 Rb7 36. Rc4 Nd4 37. Rc5+ Ke6 38. Nf3 Ne2+ 39. Kf1 Nf4
40. Rc1 Rb6 41. Bc5 Ra6 42. Be3 Nd5 43. Ra1 Nc3 44. a3 Nd5 45. Nd2 f5 46. Nb3
Kf7 47. Bc5 Ke6 48. Rd1 Nf4 49. h4 Nd5 50. g3 Nf6 51. Rd8 Ra4 52. Ra8 a6 53.
Bb4 Nd7 54. Ra7 a5 55. Rxd7 Kxd7 56. Nc5+ Kc6 57. Nxa4 axb4 58. axb4 Kb5 59.
Nc3+ Kxb4 60. Nd5+ Kc5 61. Ne7 f4 62. gxf4 exf4 63. Nxg6 f3 64. Ne5 Kd6 65.
Nxf3 1-0

[Event "Ä13Â"]
[Site "Loo"]
[Date "2017.04.22"]
[Round "3.24"]
[White "Ñåì¸íîâà, Äàðüÿ."]
[Black "Èçáåêîâà, Åâäîêèÿ."]
[Result "1-0"]
[WhiteElo "1429"]
[BlackElo "1518"]
[PlyCount "101"]
[EventDate "2017.04.20"]

1. d4 Nf6 2. Nf3 e6 3. Bg5 Be7 4. e3 d5 5. Bd3 Nbd7 6. Nbd2 c5 7. c3 O-O 8. Ne5
Nxe5 9. dxe5 Nd7 10. Bf4 b6 11. h4 Bb7 12. Qg4 Kh8 13. Qh5 g6 14. Qf3 f5 15.
Qg3 Rg8 16. Nf3 Rc8 17. Ng5 Bxg5 18. Bxg5 Qf8 19. h5 gxh5 20. Rxh5 Qf7 21. Qh4
c4 22. Be2 Rg6 23. O-O-O Rcg8 24. Rh1 R8g7 25. f4 b5 26. Rh2 d4 27. exd4 Bd5
28. g4 Be4 29. gxf5 Bxf5 30. Bf3 h6 31. Rxh6+ Rxh6 32. Bxh6 Rh7 33. Qd8+ Nf8
34. Bh5 Qg8 35. Qf6+ Rg7 36. Bxg7+ Qxg7 37. Bg6+ Kg8 38. Qxg7+ Kxg7 39. Bxf5
exf5 40. d5 Kf7 41. Rh6 Ng6 42. Rxg6 Kxg6 43. Kd2 Kf7 44. Ke3 Ke7 45. Kd4 Kd7
46. Kc5 a6 47. e6+ Ke7 48. d6+ Kxe6 49. Kc6 a5 50. d7 b4 51. d8=Q 1-0

[Event "Ä13Â"]
[Site "Loo"]
[Date "2017.04.22"]
[Round "3.25"]
[White "Ìàêàðåíêî, Åëèçàâåòà."]
[Black "Íèêîëàåâà, Íàäåæäà."]
[Result "1-0"]
[WhiteElo "1386"]
[BlackElo "1611"]
[PlyCount "179"]
[EventDate "2017.04.20"]

1. c4 c6 2. Nc3 Nf6 3. d3 e6 4. Nf3 d5 5. cxd5 exd5 6. d4 Bd6 7. Bg5 O-O 8. e3
Nbd7 9. Be2 h6 10. Bh4 Re8 11. O-O Qc7 12. Rb1 Ne4 13. Qc2 Ndf6 14. Bxf6 Nxf6
15. Rfc1 Qe7 16. a3 Ne4 17. b4 Bf5 18. Bd3 Nxc3 19. Qxc3 Be4 20. Bxe4 dxe4 21.
Nd2 Qh4 22. Nf1 Re6 23. b5 Qe7 24. a4 Rc8 25. Ng3 Bxg3 26. hxg3 Rg6 27. Rb2 h5
28. Qc5 Qd8 29. Rbc2 h4 30. gxh4 Qxh4 31. Qf5 Rc7 32. Qf4 Qxf4 33. exf4 Rd6 34.
Rc4 f5 35. Kf1 Kf7 36. Ke2 Ke7 37. Ke3 Kd7 38. R1c2 Ke7 39. Rc5 g6 40. d5 Kd7
41. bxc6+ bxc6 42. Rxc6 Rcxc6 43. dxc6+ Rxc6 44. Rxc6 Kxc6 45. Kd4 Kd6 46. a5
a6 47. g3 Kc6 48. Ke5 Kb5 49. Kf6 Kxa5 50. Kxg6 Kb4 51. Kxf5 a5 52. g4 a4 53.
g5 a3 54. g6 a2 55. g7 a1=Q 56. g8=Q Qd4 57. Qb8+ Kc4 58. Qc7+ Kd3 59. Qe5 Qd7+
60. Qe6 Qh7+ 61. Qg6 Qh3+ 62. Qg4 Qh7+ 63. Qg6 Qd7+ 64. Qe6 Qb5+ 65. Qe5 Qd7+
66. Kg5 Qd8+ 67. Kg4 Qg8+ 68. Qg5 Qe6+ 69. f5 Qe5 70. Qe3+ Kc4 71. Qc1+ Kd5 72.
Qd2+ Kc4 73. Qa2+ Kd3 74. Qe6 Qg7+ 75. Qg6 Qd4 76. Qa6+ Kd2 77. Qh6+ Ke2 78.
Qe3+ Qxe3 79. fxe3 Kxe3 80. f6 Kd2 81. f7 e3 82. f8=Q e2 83. Qf2 Kd1 84. Qd4+
Kc2 85. Qe3 Kd1 86. Qd3+ Ke1 87. Kg3 Kf1 88. Kf3 Kg1 89. Qxe2 Kh1 90. Qg2# 1-0

[Event "Ä13Â"]
[Site "Loo"]
[Date "2017.04.22"]
[Round "3.26"]
[White "Ãðàíêèíà, Àëèñà."]
[Black "Ôåäîðè÷åâà, Åêàòåðèíà."]
[Result "0-1"]
[WhiteElo "1585"]
[BlackElo "1482"]
[PlyCount "108"]
[EventDate "2017.04.20"]

1. e4 d6 2. d4 Nf6 3. Nc3 g6 4. f4 Bg7 5. Nf3 c6 6. Bd3 Nbd7 7. e5 dxe5 8. fxe5
Nd5 9. Ne4 Nb4 10. Bc4 Nb6 11. Bxf7+ Kxf7 12. O-O Rf8 13. c3 N4d5 14. e6+ Kg8
15. Qe1 Nf6 16. Neg5 Qd5 17. Qh4 Bxe6 18. Ne5 Nh5 19. Re1 Bf6 20. g4 Bxg5 21.
Qxg5 Nf6 22. Qh4 Nbd7 23. Bh6 Rf7 24. Nxf7 Bxf7 25. Rxe7 c5 26. Rf1 Qd6 27. Re3
cxd4 28. Rd3 Qb6 29. cxd4 Bc4 30. Rxf6 Qxf6 31. Bg5 Qb6 32. Rd2 Bxa2 33. Bh6
Qf6 34. g5 Qf5 35. d5 Ne5 36. Rf2 Nf3+ 37. Rxf3 Qxf3 38. Qd4 Qf7 39. d6 Be6 40.
b4 b6 41. b5 Rd8 42. Qe4 Bf5 43. Qc6 Rc8 44. Qg2 Rc1+ 45. Kf2 Rc2+ 46. Kg3
Rxg2+ 47. Kxg2 Qd5+ 48. Kf2 Qxd6 49. h4 Qd3 50. h5 Bg4 51. hxg6 Qf3+ 52. Kg1
hxg6 53. Bg7 Bh3 54. Bd4 Qg2# 0-1

[Event "Ä13Â"]
[Site "Loo"]
[Date "2017.04.22"]
[Round "3.27"]
[White "Ãðèãîðÿí, Ñîíà."]
[Black "Ñòàêèíà, Ìåëèññà."]
[Result "1/2-1/2"]
[WhiteElo "1527"]
[BlackElo "1429"]
[PlyCount "80"]
[EventDate "2017.04.20"]

1. e4 e5 2. d4 exd4 3. Qxd4 Nc6 4. Qe3 Nf6 5. Nc3 Bb4 6. Bd2 d6 7. Bd3 Ne5 8.
f3 Be6 9. Nge2 Nfd7 10. f4 Nxd3+ 11. Qxd3 Bxc3 12. Nxc3 Nb6 13. O-O-O Qe7 14.
Nd5 Bxd5 15. exd5 O-O-O 16. Qf5+ Qd7 17. Qxd7+ Kxd7 18. Be3 Rhe8 19. Bxb6 axb6
20. Rhe1 Ra8 21. a3 Ra4 22. Rxe8 Kxe8 23. g3 Re4 24. Kd2 Ke7 25. Re1 Rxe1 26.
Kxe1 Kf6 27. Ke2 g5 28. Ke3 Kf5 29. h3 gxf4+ 30. gxf4 Kg6 31. Kf3 f5 32. Kg3
Kh5 33. b3 Kg6 34. c3 Kf6 35. Kh4 Kg6 36. c4 Kh6 37. Kg3 Kh5 38. h4 Kg6 39. Kf3
Kh5 40. Kg3 Kg6 1/2-1/2

[Event "Ä13Â"]
[Site "Loo"]
[Date "2017.04.22"]
[Round "3.28"]
[White "Ëåñíûõ, Æàííà."]
[Black "Áàêóëîâà, Òàòüÿíà."]
[Result "0-1"]
[WhiteElo "1513"]
[BlackElo "1395"]
[PlyCount "104"]
[EventDate "2017.04.20"]

1. e4 e6 2. d4 d5 3. exd5 exd5 4. Bd3 Nc6 5. c3 Be7 6. Qf3 Nf6 7. h3 O-O 8. Ne2
Be6 9. Be3 Qd7 10. Nd2 Rab8 11. g4 Ne8 12. Ng3 Bf6 13. g5 Be7 14. Nf5 Nd6 15.
Nh4 Rbe8 16. Nb3 b6 17. O-O-O Na5 18. Bxh7+ Kxh7 19. Qh5+ Kg8 20. g6 fxg6 21.
Nxg6 Nxb3+ 22. axb3 Rf5 23. Qh8+ Kf7 24. Qh7 Bf6 25. Rhg1 Rg8 26. Nf4 Ne4 27.
Qg6+ Kf8 28. Qg2 Qf7 29. f3 Nd6 30. Qe2 Bg5 31. Nd3 Bxe3+ 32. Qxe3 Rxf3 33. Qe2
Ke7 34. Ne5 Qf4+ 35. Kb1 Qf5+ 36. Ka1 Rf2 37. Qa6 Qc2 38. Rb1 Qxb3 39. Nc6+ Kd7
40. Ne5+ Ke7 41. Nc6+ Ke8 42. Rge1 Kf7 43. Qxa7 Nb5 44. Qa6 Bc8 45. Ne5+ Kf6
46. Qa8 Nxc3 47. Qc6+ Be6 48. Ng4+ Kg5 49. Re5+ Kh4 50. Rh5+ Kxh5 51. Nf6+ gxf6
52. bxc3 Qa2# 0-1

[Event "Ä13Ï"]
[Site "Loo"]
[Date "2017.04.22"]
[Round "3.1"]
[White "Âèòþãîâà, ßðîñëàâà."]
[Black "Æóðîâà, Àííà."]
[Result "0-1"]
[WhiteElo "1509"]
[BlackElo "1843"]
[PlyCount "100"]
[EventDate "2017.04.20"]

1. e4 c5 2. c3 d5 3. exd5 Qxd5 4. d4 Nf6 5. Nf3 Bg4 6. Be2 e6 7. Na3 Nc6 8. Nb5
Rc8 9. Bf4 Qd8 10. Ne5 Bxe2 11. Qxe2 a6 12. Nxc6 Rxc6 13. Na7 Rb6 14. dxc5 Bxc5
15. b4 Nd5 16. Rd1 Be7 17. Be5 Qa8 18. Bxg7 Rg8 19. Bd4 Qxa7 20. Bxb6 Qxb6 21.
Qc4 Rxg2 22. Qc8+ Bd8 23. Rd2 Qc7 24. Qxc7 Bxc7 25. f3 Rxd2 26. Kxd2 Be5 27. c4
Bf4+ 28. Kd3 Nxb4+ 29. Ke4 Bd6 30. a3 f5+ 31. Kd4 Nc2+ 32. Kd3 Nxa3 33. Rg1 Kf7
34. h3 b5 35. cxb5 axb5 36. Kc3 Nc4 37. Rb1 Na3 38. Rd1 Be7 39. Rg1 Nc4 40. Rb1
Bf6+ 41. Kd3 Na3 42. Rb3 Be7 43. Kd4 b4 44. Kd3 Kg6 45. Kd4 Bf6+ 46. Kc5 Bc3
47. Kd6 Nc4+ 48. Kc5 Nd2 49. Rxb4 Bxb4+ 50. Kxb4 Nxf3 0-1

[Event "Ä13Ï"]
[Site "Loo"]
[Date "2017.04.22"]
[Round "3.2"]
[White "Õàéáóëëèíà, Ðàóøàíà."]
[Black "Ëóêüÿí÷åíêî, Àëèñà."]
[Result "1-0"]
[WhiteElo "1750"]
[BlackElo "1463"]
[PlyCount "69"]
[EventDate "2017.04.20"]

1. d4 Nf6 2. c4 e6 3. g3 Nc6 4. Nf3 b6 5. Bg2 Bb7 6. O-O g6 7. Nc3 Bg7 8. e4
O-O 9. Bf4 d6 10. e5 dxe5 11. Nxe5 Na5 12. d5 exd5 13. cxd5 Ba6 14. Re1 Nh5 15.
Qa4 Nxf4 16. gxf4 Bc8 17. Rac1 Bxe5 18. fxe5 Bd7 19. Qd1 Qg5 20. Qf3 Nc4 21.
Ne4 Qf5 22. Qxf5 Bxf5 23. Rxc4 Rac8 24. Rec1 Rfe8 25. Nf6+ Kf8 26. Nxe8 Kxe8
27. Rxc7 Rxc7 28. Rxc7 a6 29. d6 Be6 30. Bc6+ Kd8 31. Ra7 a5 32. Ra8+ Bc8 33.
d7 Ke7 34. Rxc8 a4 35. Re8# 1-0

[Event "Ä13Ï"]
[Site "Loo"]
[Date "2017.04.22"]
[Round "3.3"]
[White "Äåäóøèíñêàÿ, Àííà."]
[Black "Øïàêèâñêàÿ, Àëèíà."]
[Result "1-0"]
[WhiteElo "1482"]
[BlackElo "1657"]
[PlyCount "99"]
[EventDate "2017.04.20"]

1. e4 c5 2. Nc3 Nc6 3. g3 Rb8 4. Bg2 b5 5. d3 b4 6. Na4 Qa5 7. c3 Ba6 8. Ne2 e6
9. O-O Bb5 10. b3 Bxa4 11. cxb4 Bxb3 12. Qxb3 cxb4 13. d4 Qb5 14. Re1 Be7 15.
d5 Na5 16. Qb1 e5 17. f4 Bc5+ 18. Kh1 Bf2 19. Bb2 Bxe1 20. Bxe5 Bc3 21. Nxc3
bxc3 22. Bxb8 Qc5 23. Qg1 Qa3 24. Bxa7 Nc4 25. Bc5 Qa5 26. Qd4 d6 27. Qxc4 dxc5
28. Rc1 Nf6 29. Qxc3 Qxc3 30. Rxc3 Nd7 31. e5 O-O 32. a4 Rb8 33. h4 Rb1+ 34.
Kh2 Ra1 35. Rc4 Kf8 36. d6 f5 37. e6 Nf6 38. Bf3 Ra2+ 39. Kh3 h5 40. Rxc5 Kg8
41. Rxf5 Ng4 42. Bxg4 hxg4+ 43. Kxg4 g6 44. Rg5 Rxa4 45. d7 Kh7 46. d8=Q Kg7
47. Qe7+ Kh8 48. Qf6+ Kh7 49. Qxg6+ Kh8 50. Qg8# 1-0

[Event "Ä13Ï"]
[Site "Loo"]
[Date "2017.04.22"]
[Round "3.4"]
[White "Ëîáàíîâà, Ìèëàíà."]
[Black "Î÷èðîâà, Àíèòà."]
[Result "1/2-1/2"]
[WhiteElo "1454"]
[BlackElo "1635"]
[PlyCount "96"]
[EventDate "2017.04.20"]

1. d4 d5 2. e4 dxe4 3. Nc3 Nf6 4. Bg5 Bf5 5. f3 exf3 6. Qxf3 Bc8 7. O-O-O Nc6
8. Bxf6 exf6 9. Bb5 Bd7 10. Re1+ Be7 11. Nd5 Nxd4 12. Qe4 Ne6 13. Bxd7+ Qxd7
14. Nxe7 Qxe7 15. Qxb7 O-O 16. Nf3 Rfb8 17. Qc6 Qb4 18. Qc3 Qxc3 19. bxc3 Rb6
20. Nd4 Rab8 21. Nb3 Kf8 22. Rd1 Rc6 23. Kb2 a5 24. a4 Nc5 25. Ka3 Nxb3 26.
cxb3 Rxc3 27. Rb1 c5 28. Rhc1 Rxc1 29. Rxc1 Rc8 30. h3 f5 31. Rc4 g5 32. g3 Kg7
33. Kb2 h5 34. Kc3 Kg6 35. h4 gxh4 36. Rxh4 Re8 37. Kd3 Kg5 38. Rc4 Re5 39. Kd2
f6 40. Kd3 Kg6 41. Kd2 Kf7 42. Kd3 Kg6 43. Kd2 Re4 44. Rxc5 Rb4 45. Kc2 f4 46.
gxf4 h4 47. Rxa5 Rxf4 48. Ra8 Kg7 1/2-1/2

[Event "Ä13Ï"]
[Site "Loo"]
[Date "2017.04.22"]
[Round "3.5"]
[White "Òóêòèíà, Äàðüÿ."]
[Black "Ñèò÷èõèíà, Ìèëàíà."]
[Result "0-1"]
[WhiteElo "1454"]
[BlackElo "1592"]
[PlyCount "116"]
[EventDate "2017.04.20"]

1. e4 c5 2. d4 cxd4 3. c3 dxc3 4. Nxc3 Nc6 5. Nf3 d6 6. Bc4 Bg4 7. h3 Bxf3 8.
Qxf3 Nf6 9. Qd1 g6 10. O-O Bg7 11. Bb5 O-O 12. Re1 a6 13. Bc4 Nd7 14. Nd5 e6
15. Ne3 Nb6 16. Rb1 Nd4 17. b3 d5 18. exd5 Nxd5 19. Bxd5 exd5 20. Bb2 Qh4 21.
Nxd5 Rad8 22. Ne3 Nb5 23. Qe2 Bc3 24. Red1 Qe4 25. Qc4 Rd4 26. Qf1 Rfd8 27.
Rxd4 Rxd4 28. Bxc3 Nxc3 29. Rb2 Rd3 30. Kh2 Qf4+ 31. g3 Qd4 32. Qe1 Ne4 33. Re2
Nd2 34. Qh1 Ne4 35. Qe1 Ng5 36. Qc1 Nf3+ 37. Kg2 Qe4 38. Kf1 Nd4 39. Qc8+ Kg7
40. Nf5+ Qxf5 41. Qxf5 Nxf5 42. h4 Rd1+ 43. Re1 Rxe1+ 44. Kxe1 Kf6 45. Kd2 Nd4
46. Kd3 Nb5 47. a4 Nd6 48. Kd4 Ke6 49. Ke3 Kd5 50. Kd3 Ne4 51. Ke3 Nc5 52. f4
Nxb3 53. g4 Nc5 54. a5 Nb3 55. g5 Nxa5 56. h5 gxh5 57. g6 hxg6 58. f5 gxf5 0-1

[Event "Ä13Ï"]
[Site "Loo"]
[Date "2017.04.22"]
[Round "3.6"]
[White "Âîëêîâà, Àëèíà."]
[Black "Àëèìîâà, Äàíà."]
[Result "1/2-1/2"]
[WhiteElo "1583"]
[BlackElo "1388"]
[PlyCount "106"]
[EventDate "2017.04.20"]

1. d4 Nf6 2. c4 e6 3. Nc3 d5 4. cxd5 exd5 5. Bg5 c6 6. e3 Nbd7 7. Bd3 Be7 8.
Qc2 h6 9. Bh4 O-O 10. Nge2 Bd6 11. Bg3 Bxg3 12. Nxg3 Nb6 13. O-O Re8 14. Rfe1
Be6 15. Rad1 Nbd7 16. Nf5 Nf8 17. Na4 Bxf5 18. Bxf5 Ne4 19. Bxe4 dxe4 20. Nc5
Qe7 21. Qc4 Ne6 22. Nxe4 Rad8 23. Ng3 Qf6 24. Qc3 Rd5 25. h3 Red8 26. Qc2 Ng5
27. Qe2 Qg6 28. Qd3 Qxd3 29. Rxd3 c5 30. Rb3 cxd4 31. exd4 b6 32. Re7 Ra5 33.
Ra3 Rxa3 34. bxa3 Rxd4 35. Rxa7 Rd1+ 36. Kh2 Rd2 37. h4 Ne6 38. Rb7 Rxf2 39.
Rxb6 Nf4 40. Ne4 Rxg2+ 41. Kh1 Rxa2 42. Ra6 Nd3 43. Ra8+ Kh7 44. Ra7 Ne5 45. h5
Re2 46. Ng3 Re3 47. Kg2 Rb3 48. a4 Kg8 49. Ra8+ Kh7 50. Ra7 Rb6 51. a5 Rf6 52.
a6 Rb6 53. Re7 f6 1/2-1/2

[Event "Ä13Ï"]
[Site "Loo"]
[Date "2017.04.22"]
[Round "3.7"]
[White "Õîþð-Îîë, Àðûÿíà."]
[Black "Ä¸ìèíîâà, Ìàðèÿ."]
[Result "0-1"]
[WhiteElo "1391"]
[BlackElo "1526"]
[PlyCount "141"]
[EventDate "2017.04.20"]

1. d4 e6 2. Nf3 d5 3. Bg5 Be7 4. Bf4 Nf6 5. e3 O-O 6. Bd3 Nbd7 7. Nbd2 Nh5 8.
Bg3 Nxg3 9. hxg3 f5 10. O-O c5 11. c3 b6 12. a4 Bb7 13. Kh2 Rf6 14. Rh1 Rh6+
15. Kg1 Rxh1+ 16. Kxh1 c4 17. Bc2 a6 18. Qe2 b5 19. Kh2 b4 20. cxb4 Bxb4 21.
Rh1 a5 22. Kg1 Ba6 23. Qd1 c3 24. bxc3 Bxc3 25. Rh5 Nf6 26. Rh3 Ng4 27. Nb3 Bb4
28. Nh2 Nf6 29. g4 Ne4 30. gxf5 exf5 31. Qh5 Ng5 32. Rh4 g6 33. Qd1 Ne4 34. Nf3
Nc3 35. Qa1 Rc8 36. Bd1 Nxd1 37. Qxd1 Bc4 38. g3 Be7 39. Rh3 Rb8 40. Nbd2 Bf6
41. Kg2 Qd7 42. Nb1 Bb3 43. Qh1 Bxa4 44. Nc3 Bb3 45. Qa1 a4 46. Nd2 Be7 47. Nf3
Bf6 48. Qa3 Qe7 49. Qa1 a3 50. Nd2 Qb4 51. Ndb1 a2 52. Nxa2 Bxa2 53. Qxa2 Qxb1
54. Qxd5+ Kh8 55. Qf7 Bg5 56. Qxg6 h6 57. Rh4 Rb6 58. Qf7 Qb5 59. Qh5 Ra6 60.
Rf4 Rf6 61. g4 Qc6+ 62. Kh2 fxg4 63. Rxf6 Qxf6 64. Kg3 Qf3+ 65. Kh2 Qxf2+ 66.
Kh1 Qf3+ 67. Kg1 Qxe3+ 68. Kg2 Qf3+ 69. Kh2 g3+ 70. Kh3 Qxh5+ 71. Kxg3 0-1

[Event "Ä13Ï"]
[Site "Loo"]
[Date "2017.04.22"]
[Round "3.8"]
[White "Òàðèåëàøâèëè, Äèàíà."]
[Black "Êàëóñòîâà, Ìàðèíà."]
[Result "1/2-1/2"]
[WhiteElo "1608"]
[BlackElo "1242"]
[PlyCount "86"]
[EventDate "2017.04.20"]

1. e4 d5 2. exd5 Qxd5 3. Nc3 Qd6 4. d4 c6 5. Be3 Nf6 6. Be2 Bf5 7. Nf3 Nbd7 8.
Qd2 e6 9. Nh4 Bg6 10. Nxg6 hxg6 11. O-O-O Be7 12. h4 Nb6 13. Bf4 Qb4 14. Qd3
Nfd5 15. Nxd5 Nxd5 16. Bg3 Rd8 17. c4 Nf6 18. Bf3 Bd6 19. Bxd6 Qxd6 20. g3 Ke7
21. Rhe1 Rd7 22. Re2 Rhd8 23. Red2 Kf8 24. Kc2 Ke7 25. Kc3 Kf8 26. Qe2 Qc7 27.
b4 Qd6 28. Rd3 a5 29. a3 axb4+ 30. axb4 Ra8 31. Qb2 Rdd8 32. c5 Qc7 33. Ra1 Qd7
34. Rxa8 Rxa8 35. Re3 Nd5+ 36. Bxd5 Qxd5 37. Qb3 Qg2 38. Qb2 Qd5 39. Re2 Qf3+
40. Re3 Qd5 41. Qb3 Qg2 42. Qb2 Qd5 43. Qb3 Qg2 1/2-1/2

[Event "Ä13Ï"]
[Site "Loo"]
[Date "2017.04.22"]
[Round "3.9"]
[White "Îéäóï, Àðñåíèÿ."]
[Black "Ãóáàðåâà, Ñîôèÿ."]
[Result "1-0"]
[WhiteElo "1401"]
[BlackElo "1574"]
[PlyCount "96"]
[EventDate "2017.04.20"]

1. e4 e6 2. d4 d5 3. exd5 exd5 4. Nf3 Nf6 5. c4 c6 6. Nc3 Bf5 7. Bf4 Be7 8. Be2
O-O 9. O-O Nbd7 10. a4 dxc4 11. Bxc4 Nb6 12. Bb3 Nbd5 13. Bg3 Bb4 14. Rc1 Nxc3
15. bxc3 Ba3 16. Ra1 Bb2 17. Ra2 Bxc3 18. Nh4 Be4 19. Be5 Nd5 20. Qg4 Bg6 21.
Rc1 Bb4 22. f4 f6 23. Bc7 Qe7 24. Re2 Qf7 25. Qg3 Kh8 26. Bc4 Qxc7 27. Nxg6+
hxg6 28. Bxd5 Rf7 29. Qxg6 Kg8 30. Bxf7+ Qxf7 31. Qxf7+ Kxf7 32. f5 Rd8 33. Rc4
Ba5 34. Rb2 Rd7 35. g4 Bb6 36. Rd2 Rd5 37. Rd3 g6 38. fxg6+ Kxg6 39. h4 Rd8 40.
Kg2 Re8 41. Kf3 Rh8 42. h5+ Kg5 43. a5 Bc7 44. d5 Rd8 45. Rc5 Bd6 46. dxc6+
Bxc5 47. Rxd8 bxc6 48. Rg8+ Kh4 1-0

[Event "Ä13Ï"]
[Site "Loo"]
[Date "2017.04.22"]
[Round "3.10"]
[White "Ãóíüêî, Âàëåðèÿ."]
[Black "Ñèäîðîâà, Àëåíà."]
[Result "0-1"]
[WhiteElo "1371"]
[BlackElo "1506"]
[PlyCount "64"]
[EventDate "2017.04.20"]

1. d4 d5 2. Nf3 c5 3. c3 e6 4. g3 Nc6 5. Bg2 Nf6 6. O-O Be7 7. Nbd2 O-O 8. dxc5
Bxc5 9. Nb3 Be7 10. Bf4 Nh5 11. Be3 f5 12. Bc5 f4 13. Bxe7 Qxe7 14. Nbd4 fxg3
15. fxg3 Bd7 16. e3 Nf6 17. Qe2 e5 18. Nxc6 bxc6 19. Rfe1 Bg4 20. Qc2 e4 21.
Nd4 c5 22. Nb3 Bf3 23. Rf1 Ng4 24. Qd2 Kh8 25. h3 Ne5 26. Rab1 Qg5 27. Kh2 Nc4
28. Qc1 Nxe3 29. Re1 Bxg2 30. Rxe3 Rf2 31. Re1 Bf3+ 32. Kg1 Qxg3# 0-1